Statistics for Super fast Typing A-Z 2x

Click here to take the quiz!

General Stats

  • This quiz has been taken 98 times
    (94 since last reset)
  • The average score is 38 of 52

Answer Stats

Answer% Correct
A
100%
B
96%
C
96%
D
96%
E
94%
F
94%
G
92%
H
90%
I
90%
J
90%
K
90%
L
90%
M
90%
N
90%
O
85%
P
85%
Q
85%
R
85%
S
85%
T
85%
U
83%
V
83%
W
83%
X
81%
Y
81%
Z
81%
A
73%
B
73%
C
71%
D
71%
E
71%
F
71%
G
71%
H
71%
I
69%
J
65%
K
63%
L
63%
M
63%
N
63%
O
60%
P
54%
Q
52%
R
52%
S
48%
T
48%
U
48%
V
48%
W
48%
X
46%
Y
44%
Z
44%

Score Distribution

Percentile by Number Answered

Percent of People with Each Score

Your Score History

You have not taken this quiz since the last reset